000 00428pab a2200169 454500
008 180718b1999 xxu||||| |||| 00| 0 eng d
100 _aMohod, Vandan
245 _aMarketing extension and commercial farming
260 _c1999
300 _ap.37-39
362 _aJul
650 _aRural extension - India
650 _aAgricultural markets - India
650 _aAgricultural markets
773 _aYojana
909 _a41388
999 _c41388
_d41388